NLSUI OPAC header image

The international criminal court and complementarity : From theory and practice Vol. II (Record no. 29144)

MARC details
000 -LEADER
fixed length control field 02544nam a2200217Ia 4500
003 - CONTROL NUMBER IDENTIFIER
control field OSt
005 - DATE AND TIME OF LATEST TRANSACTION
control field 20210106153043.0
008 - FIXED-LENGTH DATA ELEMENTS--GENERAL INFORMATION
fixed length control field 160316s2011 xxu||||| |||| 00| 0 eng d
020 ## - INTERNATIONAL STANDARD BOOK NUMBER
International Standard Book Number 9781107011571
040 ## - CATALOGING SOURCE
Transcribing agency NLS
082 ## - DEWEY DECIMAL CLASSIFICATION NUMBER
Classification number 341.77
Item number STA-II
100 ## - MAIN ENTRY--PERSONAL NAME
Personal name Stahn Garsten
245 ## - TITLE STATEMENT
Title The international criminal court and complementarity : From theory and practice Vol. II
260 ## - PUBLICATION, DISTRIBUTION, ETC.
Place of publication, distribution, etc. Cambridge
Name of publisher, distributor, etc. Cambridge University Press
Date of publication, distribution, etc. 2011
300 ## - PHYSICAL DESCRIPTION
Extent 1292
Dimensions xviii
365 ## - TRADE PRICE
Price amount Rs. 19,680 Vol
505 ## - FORMATTED CONTENTS NOTE
Formatted contents note Contents:<br/>Volume 2:<br/>21. States' obligations to investigate and prosecute perpetrators of international crimes: the perspective of the European Court of Human Rights;<br/>22. The law and policy of complementarity in relation to 'criminal proceedings' carried out by non-state organized armed groups;<br/>23. Complementarity and the crime of aggression;<br/>24. Complementarity and alternative forms of justice: a new test for ICC admissibility;<br/>25. Complementarity and 'reverse cooperation';<br/>26. In the hands of the state: implementing legislation and complementarity;<br/>Part V. Complementarity in Perspective:<br/>27. Horizontal complementarity;<br/>28. The International Criminal Tribunal for the Former Yugoslavia ('ICTY') and the transfer of cases and materials to national judicial authorities: lessons in complementarity;<br/>29. Positive complementarity in practice: ICTY rule 11bis and the use of the tribunal's evidence in the Srebrenica trials before the Bosnian War Crimes Chamber;<br/>30. Complementarity of procedures: how to avoid reinventing the wheel;<br/>Part VI. Complementarity in Practice:<br/>31. Making complementarity work: maximising the limited role of the prosecutor;<br/>32. Positive complementarity in action;<br/>33. Complementarity and the construction of national ability;<br/>34. The Colombian Peace Process (Law 975 of 2005) and the ICC's principle of complementarity;<br/>35. Darfur: complementarity as the drafters intended?;<br/>36. Complementarity in Uganda: domestic diversity or international imposition?;<br/>37. Courts, conflict and complementarity in Uganda;<br/>38. Chasing cases: the ICC and the politics of state referral in the Democratic Republic of Congo and Uganda;<br/>39. A problem, not a solution: complementarity in the Central African Republic and Democratic Republic of Congo;<br/>40. Complementarity and the impact of the Rome Statute and the International Criminal Court in Kenya.
650 ## - SUBJECT ADDED ENTRY--TOPICAL TERM
Topical term or geographic name entry element 1.International criminal courts2.International offences - Law and legislation
700 ## - ADDED ENTRY--PERSONAL NAME
Personal name Elzeidy Mohamed M
--
942 ## - ADDED ENTRY ELEMENTS (KOHA)
Source of classification or shelving scheme Dewey Decimal Classification
Koha item type BOOKs
Holdings
Withdrawn status Lost status Damaged status Not for loan Home library Current library Shelving location Date acquired Cost, normal purchase price Total Checkouts Full call number Barcode Date last seen Price effective from Koha item type Public note
        . . NAB Compactor 30.05.2017 19680.00   341.77 STA-II 26582 30.05.2017 30.05.2017 BOOKs Kept in the NAB Compactor